00405nam a2200145 a 4500008004100000020001500041050001600056100002200072245006400094260002800158300002300186350000900209700001800218700002300236120416s0000 ||||||||||||||||| || u a0849323991 aRA 1226 Env aThompson, Clive K10aEnvironmental toxicity testingcedited by K. Clive Thompson aOxfordbBlackwellc2005 axiii, 388p. : ill. a0.00 aWadhia, Kirit aLoibner, Andreas P